000 00540nam a2200229Ia 4500
005 20250425162558.0
008 250425s9999 xx 000 0 und d
020 _a9780194236430
041 _aeng
082 _a428.64
100 _aVICARY, TIM
245 0 _aTHE EVEREST STORY
250 _a1ST ED.
260 _aOXFORD
260 _aReino Unido
_bOXFORD UNIVERSITY PRESS
_c2010
300 _a72
650 _aEXPEDICIONES DE ALPINISMO
650 _aMONTAÑISMO
650 _aMONTE EVEREST
942 _c01
010 _a86962
999 _c232135
_d232135